000 01520nam0a2200397 4500
001 RU\NLR\bibl\129499
005 20260405054906.0
010 _a5-93386-014-X
_91000
021 _aRU
_b2000-28840
_91363
035 _a(NLR Aleph) 000126872
090 _a723771
_c723771
100 _a20001012d2000 |||y0rusy50 ca
101 1 _arus
102 _aRU
105 _ay |||||||||
200 1 _aОт А до Z
_eСб. нем. анекдотов с рус. пер.
_fСост. И. Фаградянц, С. Курбатов
210 _aМ.
_cЭТС
_d2000
215 _a206,[1] с.
_d17
300 _aТекст парал. на нем. и рус. яз.
606 0 _aНемецкий язык
_jХрестоматии
_91063964
_3RU\NLR\auth\66413315
610 0 _aНемецко-русские словари фразеологические учебные
610 0 _aАнекдоты (х. л.)
610 0 _aСловари - немецко-русские фразеологические учебные
675 _a811.112.2(075)+821.112.2-36
_v3
_zrus
686 _a16.41
_2rugasnti
686 _a81.2Нем+82.3(3)
_2rubbk
686 _aШ3(44Г)-67
686 _aШ143.24-93рус91
702 1 _4220
_8rus
_7ca
_aФаградянц
_bИ.В.
_gИгорь Владимирович
_3RU\NLR\auth\7718531
_91608
801 0 _aRU
_bRKP
_c20001012
_gPSBO
801 1 _aRU
_bRKP
_c20001012
801 2 _aRU
_bNLR
_c20040615
_grcr
852 _aNLR
_j2000-2/3079
942 _cBOOK
980 _aNB